| 000 | 00415pab a2200169 454500 | ||
|---|---|---|---|
| 008 | 180718b2012 xxu||||| |||| 00| 0 eng d | ||
| 100 | _aParashar, B.S. Nagandra | ||
| 245 | _aGrading and performance analysis in higher education | ||
| 260 | _c2012 | ||
| 300 | _ap.1-9. | ||
| 362 | _a9 Jul | ||
| 650 | _aHigher education | ||
| 700 | _aDatta, G.L. | ||
| 773 | _aUniversity News | ||
| 908 | _aN | ||
| 909 | _a97289 | ||
| 999 |
_c97289 _d97289 |
||